Thematic analysis : (Record no. 603120)
[ view plain ]
| 000 -LEADER | |
|---|---|
| fixed length control field | 00509nam a22001457a 4500 |
| 020 ## - INTERNATIONAL STANDARD BOOK NUMBER | |
| International Standard Book Number | 9781473953246 |
| 082 ## - DEWEY DECIMAL CLASSIFICATION NUMBER | |
| Classification number | 300.721 |
| Author Mark | BRA |
| 100 ## - MAIN ENTRY--PERSONAL NAME | |
| Personal name | Braun, Virginia; Clarke, Victoria |
| 245 ## - TITLE STATEMENT | |
| Title | Thematic analysis : |
| Remainder of title | a practical guide / |
| Statement of responsibility, etc. | Virginia Braun, Victoria Clarke, |
| 260 ## - PUBLICATION, DISTRIBUTION, ETC. | |
| Place of publication, distribution, etc. | Los Angeles: |
| Name of publisher, distributor, etc. | Sage publications; |
| Date of publication, distribution, etc. | 2022. |
| 300 ## - PHYSICAL DESCRIPTION | |
| Extent | 338p. |
| 563 ## - BINDING INFORMATION | |
| Binding note | PB |
| 650 ## - SUBJECT ADDED ENTRY--TOPICAL TERM | |
| Topical term or geographic name entry element | Social sciences--Research--Methodology |
| -- | Qualitative research--Methodology |
| -- | Qualitative reasoning |
| 942 ## - ADDED ENTRY ELEMENTS (KOHA) | |
| Source of classification or shelving scheme | |
| Koha item type | Book |
| 650 ## - SUBJECT ADDED ENTRY--TOPICAL TERM | |
| -- | 118062 |
| Withdrawn status | Lost status | Source of classification or shelving scheme | Damaged status | Not for loan | Permanent Location | Current Location | Date acquired | Total Checkouts | Full call number | Barcode | Date last seen | Price effective from | Koha item type |
|---|---|---|---|---|---|---|---|---|---|---|---|---|---|
| Central Library (CL) | Central Library (CL) | 09/20/2023 | 300.721 BRA | CL-1502 | 05/16/2024 | 09/20/2023 | Book |
